|
|
|
|
| LEADER |
00000nam a22000007a 4500 |
| 005 |
20130307180121.0 |
| 007 |
cr|||| |||| |
| 008 |
130307e2010 it |||||s|||| 00||0 ita d |
| 020 |
|
|
|a 9788884229595
|
| 035 |
|
|
|a 7360
|
| 040 |
|
|
|a vLex
|
| 090 |
|
|
|c 3854
|d 3854
|
| 100 |
1 |
0 |
|a Maimeri, Fabrizio
|
| 245 |
1 |
3 |
|a La commissione di massimo scoperto fra prassi e legge
|c / Fabrizio Maimeri
|h [Recurso electrn̤ico]
|
| 256 |
|
|
|a Servicio en ln̕ea
|
| 260 |
|
|
|a Bari :
|b Cacucci Editore,
|c 2010
|
| 300 |
|
|
|a 1 Recurso electrn̤ico
|
| 506 |
|
|
|d vLex Global
|d vLex Global (Academic Edition, excluding Law Schools)
|d vLex Global (U.S. Academic Edition, Law Schools)
|d vLex Global (U.S. Academic Edition, excluding Law Schools)
|d vLex Global (Academic Edition, Law Schools)
|
| 650 |
0 |
4 |
|a Finanzas
|z Italia
|
| 650 |
0 |
4 |
|a Banca
|z Italia
|
| 650 |
0 |
4 |
|a Derecho bancario
|z Italia
|
| 740 |
|
|
|a vLex Libro (Servicio en ln̕ea)
|
| 856 |
|
|
|a Acceso restringido
|u http://www.vlex.com/source/7360
|
| 942 |
|
|
|c BOOK
|
| 999 |
|
0 |
|a Banking law
|